000 01157naa a2200265 c 4500
001 50066
999 _c50066
_d50066
003 ES-MaCES
005 20171013113543.0
008 171013s2017 sp ||||| t||||||| ||spa d
040 _aES-MaCES
_bspa
_cES-MaCES
_dES-MaCES
100 1 _918830
_aMonereo Pérez, José Luis
245 1 0 _aGénero Y Seguridad Social (II). Nuevas propuestas de reforma de la protección a la supervivencia de la Seguridad Social derivadas de situaciones de violencia de género
_cJosé Luis Monereo Pérez, Guillermo Rodríguez Iniesta
650 4 _928657
_amujeres
650 4 _930808
_amalos tratos
650 4 _929388
_aviolencia
650 4 _929521
_adiscriminación por razones de sexo
650 4 _927034
_aseguridad social
650 4 _929076
_aprotección social
650 4 _929855
_alegislación de seguridad social
653 1 0 _aSeguridad Social
700 1 _922367
_aRodriguez Iniesta, Guillermo
773 0 _986493
_dMurcia Laborum 2014-
_o089390
_tRevista de Derecho de la Seguridad Social
_w(ES-MaCES)46201
_gn. 12 (3º trim. 2017) {55/1132 R. 089390} ;p. 13-22
902 _aART Artículo de revista
942 _2CES
_cAR
_h3.3.